Statistics for Daily Country Riddle #26

Click here to take the quiz!

General Stats

  • This quiz has been taken 196 times
  • The average score is 8 of 9

Answer Stats

TypeAnswer% Correct
Found LetterA
99%
Found LetterO
96%
Correctly Placed LetterA
85%
Found LetterL
85%
Correctly Placed LetterL
81%
Mystery CountryLaos
81%
Correctly Placed LetterO
81%
Correctly Placed LetterS
81%
Found LetterS
81%

Score Distribution

Percentile by Number Answered

Percent of People with Each Score

Your Score History

You have not taken this quiz